Maria, Maria stella del mattino : chi prega ha in mano il timone della propria vita /
Saved in:
| Main Author: | |
|---|---|
| Format: | Book |
| Language: | Italian |
| Published: |
Casale Monferrato (AL) :
Piemme,
1997.
|
| Edition: | 1. ed. |
| Subjects: | |
| Tags: |
Add Tag
No Tags, Be the first to tag this record!
|
| LEADER | 00871cam a2200265Ia 4500 | ||
|---|---|---|---|
| 001 | 007845159-0 | ||
| 005 | 20090713020835.0 | ||
| 008 | 970422s1997 it 001 0 ita d | ||
| 020 | |a 8838427569 | ||
| 035 | 0 | |a ocm36796715 | |
| 040 | |a C3L |c C3L |d OCL |d HLS | ||
| 050 | 4 | |a BX2160.2 |b .J64 1997 | |
| 090 | |a BX2160.2 |b .J64 1997 | ||
| 100 | 0 | |a John Paul |b II, |c Pope, |d 1920-2005. | |
| 245 | 1 | 0 | |a Maria, Maria stella del mattino : |b chi prega ha in mano il timone della propria vita / |c Giovanni Paolo II. |
| 250 | |a 1. ed. | ||
| 260 | |a Casale Monferrato (AL) : |b Piemme, |c 1997. | ||
| 300 | |a 209 p. ; |c 21 cm. | ||
| 500 | |a Includes indexes. | ||
| 610 | 2 | 0 | |a Catholic Church |v Prayers and devotions |x Italian. |
| 600 | 0 | 0 | |a Mary, |c Blessed Virgin, Saint |v Prayers and devotions |x Italian. |
| 650 | 0 | |a Spiritual exercises. | |
| 655 | 7 | |a Prayers. |2 fast | |
| 988 | |a 20031121 | ||
| 906 | |0 OCLC | ||


